000 00574nam a2200229Ia 4500
003 OSt
005 20221006153004.0
006 a|||||r|||| 00| 0
007 ta
008 221006b |||||||| |||| 00| 0 eng d
020 _c
_7.45
024 _a30,816
037 _cTextual
040 _aEASL
_cEASL
_beng
041 _2eng
_aeng
100 _aCHEN Kau-Chun
_9662174
245 0 _aStudies in marriege and funeral of Taiwan aborogives
260 _aChina
_bC M C
_c1970
300 _ap.
_ccm.
942 _cTEXL
_2CC
999 _c1098902
_d1098902